Le migliori cose del mondo /

Đã lưu trong:
Chi tiết về thư mục
Tác giả chính: Bid, Eduardo (Nhà soạn nhạc)
Tác giả khác: Machado, Gustavo (Diễn viên), Dimenstein, Gilberto, Blat, Caio (Diễn viên), Bolognesi, Luiz (Người viết kịch bản), Pinheiro, Mauro (jr.) (Nhiếp ảnh gia), Bodanzky, Laís (Giám đốc), Vilhena, Paulo (Diễn viên), Machado, Zé Carlos (Diễn viên), Prieto, Heloisa
Định dạng: Slide
Ngôn ngữ:Tiếng Italy
Tiếng Bồ Đào Nha
Được phát hành: Campi Bisenzio : Cecchi Gori home video, ©2013
Các nhãn: Thêm thẻ
Không có thẻ, Là người đầu tiên thẻ bản ghi này!

MARC

LEADER 00000ngm a22000007i 4500
001 IT\ICCU\LO1\1478857
003 ItRI
005 20260124182918.0
008 130509s2013 it |||||||||||||||k|||||c
024 3 1 |a 8033650556063 
028 4 2 |a PSV20705 
040 |b ita 
041 7 |a ita  |a por  |2 ISO-639-2 
082 |a 791.43  |9 CINEMA  |2 19 
130 3 |a As melhores coisas do mundo <film ; 2010>  |3 IT\ICCU\LO1\1478859 
245 0 3 |a Le migliori cose del mondo /  |c un film di Laís Bodanzky ; sceneggiatura di Luiz Bolognesi ; direttore della fotografia Mauro Pinheiro jr. ; musica Bid. 
260 |a Campi Bisenzio :  |b Cecchi Gori home video,  |c ©2013 
300 |a 1 DVD video (100 min.) ;  |c in contenitore, 19 cm 
500 |a Caratteristiche tecniche: regione assente; 2.35:1 anamorfico; Dolby digital 5.1, 2.0; color 
500 |a Tit. del contenitore 
500 |a Produzione cinematografica Brasile 2010 
500 |a Interpreti: Paulo Vilhena, Caio Blat, Zé Carlos Machado, Gustavo Machado 
500 |a Lingue: italiano, portoghese; sottotitoli: italiano per non udenti 
500 |a Contenuti extra. 
500 |a Antecedente bibliografico  |0 IT\ICCU\LO1V\030105 
500 |a Antecedente bibliografico  |0 IT\ICCU\UBOV\782696 
700 1 |a Machado, Gustavo  |0 IT\ICCU\IEIV\016463  |4 act 
700 1 |a Dimenstein, Gilberto  |0 IT\ICCU\LO1V\030105 
700 1 |a Blat, Caio  |0 IT\ICCU\LO1V\351099  |4 act 
700 1 |a Bolognesi, Luiz  |0 IT\ICCU\LO1V\356157  |4 sce 
700 1 |a Pinheiro, Mauro  |c  (jr.)  |0 IT\ICCU\LO1V\363840  |4 pht 
700 1 |a Bodanzky, Laís  |0 IT\ICCU\LO1V\405309  |4 drt 
700 1 |a Bid, Eduardo  |0 IT\ICCU\LO1V\405310  |4 cmp 
700 1 |a Vilhena, Paulo  |0 IT\ICCU\LO1V\405311  |4 act 
700 1 |a Machado, Zé Carlos  |0 IT\ICCU\LO1V\405312  |4 act 
700 1 |a Prieto, Heloisa  |0 IT\ICCU\UBOV\782696 
942 |2 ddc  |c VM  |n 0 
952 |0 0  |1 0  |4 0  |6 VO_2153_000000000000000  |7 0  |9 27967  |a BO  |b BO  |d 2026-01-24  |i 17628  |l 0  |o VO 2153  |p BO17628  |r 2026-01-24 18:29:18  |w 2026-01-24  |x [Sebina 5] [1 dvd]  |y VM  |z 1 dvd 
999 |c 23705  |d 23705